Holiday Quiz

Random Holiday or TV Show Quiz

Late Night Hosts on Taxes Quiz Stats

 Plays Quiz Updated Apr 15, 2019

Score 0/12 Timer 07:00
10 Plays Today
% Correct
Monopoly money
93.2%
dig through restaurant dumpsters
93%
National Pecan Day
92.8%
Who Wants to Win Just Under $250,000
92.4%
bankrupt the middle class
92.4%
anti-war speeches at the Academy Awards
92%
incarcerate me
91.7%
psychopaths
91%
China
89.2%
back taxes
88.7%
Botox
85.2%
the states that are blue
84.5%

You're not logged in!

Compare scores with friends on all Sporcle quizzes.
OR
Log In

Show Comments

Extras

Top Quizzes Today


Score Distribution

Your Account Isn't Verified!

In order to create a playlist on Sporcle, you need to verify the email address you used during registration. Go to your Sporcle Settings to finish the process.

Report this User

Report this user for behavior that violates our Community Guidelines.

Details: